Eglises de Paris - Statistiques

Statistiques générales
  • Ce quiz a été pris 483 fois
  • Le résultat moyen est 29 sur 148
Statistiques - réponses
Arrondissement/ catégorie Nom % Correct
Cathédrale (de l'archidiocèse) Notre-Dame de Paris
88%
Église Saint-Sulpice
69%
Basilique Sacré-Cœur de Montmartre
67%
Église Saint-Germain-des-Prés
60%
Église Saint-Eustache
59%
Chapelle Sainte-Chapelle
52%
Chapelle Saint-François
51%
Église la Madeleine
49%
Église Saint-Germain-l'Auxerrois
49%
Église Saint-Augustin
48%
Église Saint-Étienne-du-Mont
48%
Église Notre-Dame-des-Champs
44%
Église Saint-Roch
43%
Église Notre-Dame-de-Lorette
42%
Église (FSSPX) Saint-Nicolas-du-Chardonnet
42%
Basilique Sainte-Clotilde
39%
Église Saint-François-Xavier
39%
Église Saint-Michel des Batignolles
39%
Chapelle | Église Saint-Vincent-de-Paul
39%
Église Sainte-Geneviève des Grandes Carrières
38%
Église Saint-Ambroise
37%
Église Saint-Eugène-Sainte-Cécile
36%
Église Sainte-Trinité
33%
Cathédrale (des armées) Saint-Louis-des-Invalides
33%
Chapelle de l'hôpital Sainte-Anne
32%
Église Saint-Merri
32%
Basilique Notre-Dame-des-Victoires
31%
Église Saint-Philippe-du-Roule
30%
Église (melkite) Saint-Julien-le-Pauvre
29%
Église Saint-Ignace
28%
Église Saint-Louis-en-l'Île
28%
Église Notre-Dame-de-l'Assomption
27%
Église Notre-Dame-de-l'Assomption-des-Buttes-Chaumont
27%
Église Saint-Léon
27%
Église Saint-Séverin
27%
Église Saint-Thomas-d'Aquin
26%
Église Notre-Dame-du-Travail
25%
Église Saint-Paul-Saint-Louis
25%
Église Saint-Pierre de Montmartre
25%
Église Saint-Gervais-Saint-Protais
24%
Église Saint-Laurent
24%
Église Saint-Marcel
24%
Église Saint-Pierre-de-Montrouge
24%
Église Saint-Médard
23%
Chapelle Expiatoire
22%
Église Saint-Leu-Saint-Gilles
22%
Église Saint-Dominique
21%
Église Sainte-Odile
21%
Église Saint-Nicolas-des-Champs
21%
Basilique | Chapelle Sainte-Jeanne-d'Arc
20%
Église Sainte-Marguerite
20%
Église Saint-Luc
20%
Église Notre-Dame-d'Auteuil
19%
Église Saint-Antoine-de-Padoue
19%
Chapelle | Église Sainte-Rita
19%
Église Saint-Lambert de Vaugirard
19%
Église Saint-Pierre-du-Gros-Caillou
19%
Chapelle Notre-Dame-de-la-médaille-miraculeuse
18%
Église Notre-Dame-de-Bonne-Nouvelle
17%
Église Saint-Ferdinand-des-Ternes
17%
Église Notre-Dame-des-Blancs-Manteaux
16%
Église Saint-Denys-du-Saint-Sacrement
16%
Église (syriaque) Saint-Éphrem-le-Syriaque
16%
Église Saint-Honoré-d'Eylau (église ancienne)
16%
Église Saint-Honoré-d'Eylau (église nouvelle)
16%
Église Saint-Jean-Baptiste-de-La-Salle
16%
Eglise (maronite) Notre-Dame du Liban
15%
Église Sainte-Anne de la Butte-aux-Cailles
15%
Église Sainte-Marie des Batignolles
15%
Église Saint-Germain-de-Charonne
15%
Église Saint-Jean-Baptiste de Grenelle
15%
Église Saint-Martin-des-Champs
15%
Église Notre-Dame du Val-de-Grâce
14%
Église Saint-Esprit
14%
Église Saint-Jacques-du-Haut-Pas
14%
Église Notre-Dame de la Gare
13%
Église Sainte-Claire
13%
Église Saint-François-d'Assise
13%
Église Saint-Jean de Montmartre
13%
Église Saint-Joseph-des-Carmes
13%
Église Notre-Dame-de-la-Salette
12%
Église Saint-Christophe-de-Javel
12%
Église Sainte-Élisabeth-de-Hongrie
12%
Église Saint-Éloi
12%
Église Saint-François-de-Sales
12%
Église Saint-Louis-d'Antin
12%
Église Notre-Dame-de-Chine
11%
Église Notre-Dame de Clignancourt
11%
Église Notre-Dame-de-la-Nativité de Bercy
11%
Église Notre-Dame-de-l'Arche-d'Alliance
11%
Église Notre-Dame-de-Lourdes
11%
Chapelle Notre-Dame-du-Lys
11%
Église Saint-André-de-l'Europe
11%
Église Sainte-Jeanne-de-Chantal
11%
Église Saint-Gabriel
11%
Église Saint-Pierre-de-Chaillot
11%
Église Notre-Dame-de-Compassion
10%
Église Notre-Dame-de-Grâce-de-Passy
10%
Église Notre-Dame-du-Rosaire
10%
Église Saint-Antoine-des-Quinze-Vingts
10%
Église Sainte-Rosalie
10%
Église Saint-Hippolyte
10%
Église Saint-Jean-Bosco
10%
Église Saint-Joseph-Artisan
10%
Église Notre-Dame-de-la-Croix
9%
Église Saint-Jean-Baptiste de Belleville
9%
Église Saint-Joseph-des-Nations
9%
Église Notre-Dame-de-l'Assomption-de-Passy
8%
Église Notre-Dame-de-Nazareth
8%
Église Notre-Dame-des-Otages
8%
Église Bon-Pasteur
7%
Chapelle | Église Notre-Dame-du-Bon-Conseil
7%
Église Saint-Albert-le-Grand
7%
Église Saint-Bernard de la Chapelle
7%
Église Saint-Jacques-Saint-Christophe de la Villette
7%
Chapelle Saint-Yves
7%
Chapelle Jésus-Enfant
6%
Église l'Immaculée-Conception
6%
Église Marie-Médiatrice-de-Toutes-les-Grâces ou Sanctuaire Notre-Dame-de-Fatima
6%
Chapelle Notre-Dame de Consolation
6%
Église Notre-Dame-d'Espérance
6%
Église Notre-Dame-du-Perpétuel-Secours
6%
Église Saint-Charles-de-Monceau
6%
Église Sainte-Hélène
6%
Église Saint-Jean-des-Deux-Moulins
6%
Église Saint-Joseph-des-Épinettes
6%
Cathédrale (gréco-catholique) Saint-Vladimir-le-Grand
6%
Chapelle l'Épiphanie
5%
Chapelle Notre-Dame-de-la-Paix de Picpus
5%
Cathédrale (arménienne) Sainte-Croix-Saint-Jean
5%
Église Saint-François-de-Molitor
5%
Église Saint-Georges de la Villette
5%
Église Cœur-Eucharistique-de-Jésus
4%
Chapelle Notre-Dame de la Confiance
4%
Chapelle Notre-Dame-de-la-Sagesse
4%
Église Notre-Dame-des-Foyers
4%
Chapelle Notre-Dame du Saint Sacrement
4%
Chapelle Saint-Bernard-de-Montparnasse
4%
Église Saint-Denys de la Chapelle
4%
Église Sainte-Colette-des-Buttes-Chaumont
4%
Église (gréco-catholique russe) La Très-Sainte-Trinité
2%
Chapelle Saint-Charles de la Croix-Saint-Simon
2%
Église Saint-Cyril Saint-Méthode
2%
Chapelle Saint-Joseph-de-Cluny
2%
Aucun quiz correspondant
Distribution des résultats
% des personnes avec chaque résultat
Percentile par nombre de réponses
Votre historique - résultats
Vous n’avez pas pris ce quiz